| 000 | 01171 a2200229 4500 | ||
|---|---|---|---|
| 003 | Nust | ||
| 005 | 20221010111125.0 | ||
| 010 | _a 2004041033 | ||
| 020 | _a1580537472 (alk. paper) | ||
| 040 | _cNust | ||
| 082 | 0 | 0 | _a658.45,PRI |
| 100 | 1 |
_aPritchard, Carl L. _999611 |
|
| 245 | 1 | 4 |
_aThe project management communications toolkit / _cCarl Pritchard. |
| 260 |
_aBoston, MA : _bArtech House, _c2004. |
||
| 300 |
_aix, 205 p. : _bill. ; _c26 cm. + _e1 CD-ROM (4 3/4 in.) |
||
| 490 | 1 | _aArtech House effective project management library | |
| 505 | _aThe Nature Of Project Communications (Page-1), Project Communications Technology And Media (Page-9), Communications Tools In The Initiating Processes (Page-23), Communications Tools In The Planning Processes (Page-67), Communications Tools In The Executing Processes (Page-127), Communications Tools In The Controlling Processes (Page-153), Communications Tools In The Closing Processes (Page-181), Implementing Communications Tools (Page-197). | ||
| 650 | 0 | _aProject management. | |
| 650 | 0 | _aTelecommunication Engineering | |
| 830 | 0 |
_aArtech House effective project management series. _994615 |
|
| 942 |
_cREF _2ddc |
||
| 999 |
_c176040 _d176040 |
||